Reading in English for general purposes / พิกุล บุณยรัตพันธุ์
| Main Author: | พิกุล บุณยรัตพันธุ์ |
|---|---|
| Format: | MONOGRAPHS |
| Language: | Thai |
| Published: |
กรุงเทพฯ : อีเลคทรอนิคส์ เวิลด์, 2523 |
| Edition: | พิมพ์ครั้งที่ 3 |
| Subjects: |
ภาษาอังกฤษ --
> การอ่าน
ภาษาอังกฤษ -- > ตำราสำหรับชนต่างชาติ |
| Tags: |
Add
No Tags, Be the first to tag this record!
|
| LEADER | 01175nam a2200217 a 4500 | ||
|---|---|---|---|
| 001 | 0020461 | ||
| 003 | Th-MUT | ||
| 008 | 181106s9999 xx 000 0 tha d | ||
| 020 | |c 45 | ||
| 040 | |a DLC |c MUT | ||
| 050 | 0 | 4 | |a PE1127 |b พ62ร63 2523 |
| 100 | 0 | |a พิกุล บุณยรัตพันธุ์ | |
| 245 | 1 | 0 | |a Reading in English for general purposes |b / |c พิกุล บุณยรัตพันธุ์ |
| 250 | |a พิมพ์ครั้งที่ 3 | ||
| 260 | |a กรุงเทพฯ : |b อีเลคทรอนิคส์ เวิลด์, |c 2523 | ||
| 300 | |a 151 หน้า : |b ภาพประกอบ ; |c 26 ซม. | ||
| 500 | |a เนื้อหาเป็นภาษาอังกฤษ | ||
| 504 | |a บรรณานุกรม | ||
| 650 | 7 | |a ภาษาอังกฤษ -- |x การอ่าน | |
| 650 | 7 | |a ภาษาอังกฤษ -- |x ตำราสำหรับชนต่างชาติ | |
| 991 | |a MONOGRAPHS |b 10 |c 2018-11-08 07:19:57 |d 2022-09-27 08:14:23 |e mut |f n |g 2018-11-08 |h n |i a |j m |k |l a |m |n a |o |p b |q |r th |s tha |t 2523 |u พิมพ์ครั้งที่ 3 |v Reading in English for general purposes / | ||
